[Event "Liberec Region-chT 2223"]
[Site "Czech Republic"]
[Date "2023.01.15"]
[Round "6.7"]
[White "Richter, Matous"]
[Black "Pavlik, Otto"]
[Result "0-1"]
[WhiteElo "1143"]
[BlackElo "1655"]
[PlyCount "54"]
[EventDate "2022.10.09"]
[EventType "team-tourn"]
[EventRounds "11"]
[EventCountry "CZE"]
[SourceTitle "EXT 2024"]
[Source "ChessBase"]
[SourceDate "2023.10.10"]
[SourceVersion "1"]
[SourceVersionDate "2023.10.10"]
[SourceQuality "1"]

1. e4 d5 2. exd5 Nf6 3. c4 e6 4. Nc3 exd5 5. cxd5 Nxd5 6. Qb3 Nb6 7. Bc4 Nxc4 8. Qxc4 Nc6 9. Nf3 Bd6 10. 0-0 0-0 11. d3 Be6 12. Qh4 Qxh4 13. Nxh4 a6 14. Nf3 Rad8 15. Re1 Nb4 16. Nd4 Bxh2+ 17. Kxh2 Rxd4 18. Re4 Rfd8 19. Bg5 R8d7 20. Be3 Rxe4 21. Nxe4 Nxd3 22. b3 b6 23. Ng5 Bf5 24. Nh3 f6 25. Nf4 Nb4 26. Rc1 c5 27. a3 Nc2 0-1